Normal view
MARC view
- Khatab,Mehmood Sheeyet
Entry Personal Name
001 - CONTROL NUMBER
- control field: 37481
003 - CONTROL NUMBER IDENTIFIER
- control field: NUST
005 - DATE AND TIME OF LATEST TRANSACTION
- control field: 20210314130306.0
008 - FIXED-LENGTH DATA ELEMENTS
- fixed length control field: 210314|| aca||aabn | a|a d
040 ## - CATALOGING SOURCE
- Original cataloging agency: NUST
- Transcribing agency: NUST
100 ## - HEADING--PERSONAL NAME
- Personal name: Khatab,Mehmood Sheeyet
670 ## - SOURCE DATA FOUND
- Source citation: Work cat.: (NUST): Khatab,Mehmood Sheeyet, نور مصطفے کی جہلکیان
